[Event "Sonipat Prakash Singh Memorial 1st"]
[Site "Sonipat"]
[Date "2017.04.21"]
[Round "9"]
[White "Ramnathan, Balasubramaniam"]
[Black "Awadh, Chaitanya"]
[Result "1-0"]
[WhiteElo "2164"]
[BlackElo "1889"]
[PlyCount "63"]
[EventDate "2017.04.17"]
[EventType "swiss"]
[EventRounds "10"]
[EventCountry "IND"]
[SourceTitle "CBM 177 Extra"]
[Source "ChessBase"]
[SourceDate "2017.04.27"]
[SourceVersion "1"]
[SourceVersionDate "2017.04.27"]
[SourceQuality "1"]

1. Nf3 Nf6 2. b3 g6 3. Bb2 Bg7 4. e3 c5 5. Be2 Nc6 6. c4 0-0 7. 0-0 d6 8. d4 Nd7 9. Nc3 b6 10. Qd2 cxd4 11. exd4 Bb7 12. d5 Nce5 13. Nd4 Nb8 14. f4 Ned7 15. Bf3 Qc8 16. Kh1 a6 17. Rae1 Re8 18. Re2 Qc7 19. Rfe1 Nf6 20. Qd3 Kf8 21. g4 Nbd7 22. g5 Ng8 23. Bg2 Nc5 24. Qd2 Bc8 25. Ne4 Bd7 26. Qc3 e5 27. dxe6 fxe6 28. Nxc5 dxc5 29. Nxe6+ Bxe6 30. Qxg7+ Qxg7 31. Bxg7+ Kxg7 32. Bxa8 1-0

[Event "IND-ch U19"]
[Site "Dindigul"]
[Date "2015.07.23"]
[Round "1"]
[White "Sammed Jaykumar, Shete"]
[Black "Awadh, Chaitanya"]
[Result "1-0"]
[WhiteElo "2267"]
[BlackElo "1812"]
[PlyCount "81"]
[EventDate "2015.07.23"]
[EventType "swiss"]
[EventRounds "11"]
[EventCountry "IND"]
[SourceTitle "EXT 2016"]
[Source "ChessBase"]
[SourceDate "2015.10.08"]
[SourceVersion "1"]
[SourceVersionDate "2015.10.08"]
[SourceQuality "1"]

1. e4 e6 2. Nf3 d5 3. Nc3 Nf6 4. e5 Nfd7 5. d4 c5 6. dxc5 Nc6 7. Bf4 Bxc5 8. Bd3 f6 9. exf6 Nxf6 10. Qe2 0-0 11. 0-0-0 Bd7 12. Ne5 Nd4 13. Qd2 b5 14. Ne2 Nc6 15. Nxc6 Bxc6 16. Be3 Bxe3 17. Qxe3 Qd7 18. Nd4 Rae8 19. f4 g6 20. h3 Nh5 21. Rhf1 a6 22. g4 Ng7 23. h4 Bb7 24. h5 gxh5 25. gxh5 Qf7 26. h6 Nf5 27. Rg1+ Kh8 28. Bxf5 exf5 29. Qc3 Qf6 30. Rg5 Rc8 31. Qd2 Qxh6 32. Nxf5 Qe6 33. Re1 Qf6 34. Rh1 Rc7 35. Rh6 Qxg5 36. fxg5 Rxf5 37. Qd4+ Kg8 38. g6 hxg6 39. Rh8+ Kf7 40. Rh7+ Ke6 41. Rxc7 1-0

[Event "IND-ch U25"]
[Site "Calicut"]
[Date "2013.10.06"]
[Round "7"]
[White "Audi, Saiesh"]
[Black "Awadh, Chaitanya"]
[Result "0-1"]
[WhiteElo "1384"]
[BlackElo "1697"]
[PlyCount "52"]
[EventDate "2013.10.02"]
[EventType "swiss"]
[EventRounds "9"]
[EventCountry "IND"]
[SourceTitle "EXT 2014"]
[Source "ChessBase"]
[SourceDate "2013.11.20"]
[SourceVersion "1"]
[SourceVersionDate "2013.11.20"]
[SourceQuality "1"]

1. d4 d5 2. Nf3 Nf6 3. e3 Bg4 4. Be2 Nbd7 5. Nbd2 c5 6. b3 e6 7. Bb2 Be7 8. 0-0 0-0 9. Ne5 Bxe2 10. Qxe2 Nxe5 11. dxe5 Nd7 12. c4 Qc7 13. cxd5 exd5 14. e6 fxe6 15. Qg4 Bf6 16. Qxe6+ Kh8 17. Bxf6 Rxf6 18. Qxd5 Rd6 19. Qg5 Rxd2 20. e4 Qd6 21. Qg4 Nf6 22. Qf5 Re8 23. Rfe1 Qd4 24. Rac1 Rxe4 25. Qc8+ Ng8 26. Qxc5 Rxe1+ 0-1

[Event "IND-ch U25"]
[Site "Calicut"]
[Date "2013.10.03"]
[Round "3"]
[White "Awadh, Chaitanya"]
[Black "Arjun, Satheesh"]
[Result "1/2-1/2"]
[WhiteElo "1697"]
[BlackElo "2036"]
[PlyCount "86"]
[EventDate "2013.10.02"]
[EventType "swiss"]
[EventRounds "9"]
[EventCountry "IND"]
[SourceTitle "EXT 2014"]
[Source "ChessBase"]
[SourceDate "2013.11.20"]
[SourceVersion "1"]
[SourceVersionDate "2013.11.20"]
[SourceQuality "1"]

1. e4 e6 2. d4 d5 3. exd5 exd5 4. c4 Nf6 5. Nc3 Be7 6. Bd3 dxc4 7. Bxc4 0-0 8. Nge2 Nc6 9. 0-0 Bf5 10. a3 Qd7 11. Bf4 Bd6 12. Qd2 a6 13. Rad1 h6 14. Ng3 Bxf4 15. Qxf4 Ne7 16. f3 Bg6 17. Nge4 Ne8 18. Rfe1 b6 19. Ba2 Kh8 20. Nf2 Nd6 21. Ng4 f6 22. Ne4 Nxe4 23. fxe4 Bh5 24. h3 Bxg4 25. hxg4 Rad8 26. Re3 Qd6 27. Qxd6 Rxd6 28. Red3 Rfd8 29. Kf2 Kh7 30. Ke3 Kg6 31. Bb1 Kg5 32. e5 fxe5 33. dxe5 Rxd3+ 34. Rxd3 Rxd3+ 35. Bxd3 Kxg4 36. Bxa6 Kf5 37. Kd4 Nc6+ 38. Kd5 Nxe5 39. Bc8+ Kf6 40. g4 g6 41. b3 h5 42. g5+ Kxg5 43. Kxe5 Kh4 1/2-1/2

[Event "IND-ch U25"]
[Site "Calicut"]
[Date "2013.10.02"]
[Round "1"]
[White "Saravana, Krishnan P"]
[Black "Awadh, Chaitanya"]
[Result "1-0"]
[WhiteElo "2323"]
[BlackElo "1697"]
[PlyCount "51"]
[EventDate "2013.10.02"]
[EventType "swiss"]
[EventRounds "9"]
[EventCountry "IND"]
[SourceTitle "EXT 2014"]
[Source "ChessBase"]
[SourceDate "2013.11.20"]
[SourceVersion "1"]
[SourceVersionDate "2013.11.20"]
[SourceQuality "1"]

1. e4 e6 2. d4 d5 3. Nd2 c5 4. Ngf3 Nc6 5. exd5 exd5 6. Bb5 Bd6 7. 0-0 cxd4 8. Nb3 Nge7 9. Nbxd4 a6 10. Bd3 h6 11. Nxc6 bxc6 12. c4 0-0 13. cxd5 Nxd5 14. h3 Qf6 15. Re1 Rd8 16. Qe2 Bd7 17. Qe4 g6 18. Bxh6 Bf4 19. Bxf4 Nxf4 20. Bc4 c5 21. Ne5 Be8 22. Rad1 Qh4 23. Rxd8 Rxd8 24. Nxg6 Nxg6 25. Qxg6+ Kh8 26. Bxf7 1-0